000 00405nam a2200145 i 4500
001 57645
003 ES-MaACL
007 t|
008 031017s1974 sp ||||1| spa d
100 1 _aDols, José A.
_945043
245 1 0 _aFunción de la arquitectura moderna /
_cJosé A. Dols.
260 _a[Barcelona] :
_bSalvat,
_c[1974]
300 _a141 p. :
_bil. ;
_c20 cm.
852 _aES-MaACL
_jE-6373
_bR.90184
999 _c57645
_d57645